UBT Library

Toxicological Profile for Selenium (Record no. 60749)

000 -LEADER
fixed length control field 00304nam a22001217a 4500
008 - FIXED-LENGTH DATA ELEMENTS--GENERAL INFORMATION
fixed length control field 260116b ||||| |||| 00| 0 eng d
041 ## - LANGUAGE CODE
Language code of text/sound track or separate title eng
080 ## - UNIVERSAL DECIMAL CLASSIFICATION NUMBER
Universal Decimal Classification number 0002
100 ## - Rafti
Rafti 02
101 ## - Shkurtesa
Shkurtesa med
245 ## - TITLE STATEMENT
Title Toxicological Profile for Selenium
Statement of responsibility, etc Departament of Health & Human Services
942 ## - ADDED ENTRY ELEMENTS (KOHA)
Source of classification or shelving scheme
Item type Books
Holdings
Withdrawn status Lost status Source of classification or shelving scheme Damaged status Not for loan Permanent location Current location Date acquired Coded location qualifier Cost, normal purchase price Inventory number Total Checkouts Full call number Barcode Date last seen Price effective from Koha item type
          UBT - Lipjan UBT - Lipjan 01/16/2026 2025-04-14 2025.00 2025-04-14   2025-04-14 002-800070999380 01/16/2026 01/16/2026 Books
          UBT - Prishtine UBT - Prishtine 01/16/2026             01/16/2026 01/16/2026 Books
UBT Library © 2015-2024. All rights reserved University Education for Business and Technology